Statistics for Five Busiest Airport Cities by Continent

Click here to take the quiz!

General Stats

  • This quiz has been taken 4,212 times
    (4,141 since last reset)
  • The average score is 23 of 30

Answer Stats

Continent#Airport City% Correct
Europe73.4mLondon (Heathrow)
98%
Europe63.8mParis
96%
North America53.6mNew York (JFK)
95%
Oceania38.9mSydney
94%
North America70.8mLos Angeles
92%
Asia86.1mBeijing
91%
Asia72.8mTokyo (Haneda)
91%
Africa14.7mCairo
89%
South America17.1mRio de Janeiro
88%
Oceania32.3mMelbourne
87%
Africa19.2mJohannesburg
83%
South America17.1mCongonhas-São Paulo
82%
South America39.8mSão Paulo
82%
North America70.0mChicago
81%
North America96.2mAtlanta
80%
Oceania13.7mPerth
80%
Oceania15.2mAuckland
79%
Africa8.6mCape Town
75%
Europe59.6mFrankfurt
74%
Europe55.0mAmsterdam
71%
South America25.0mBogotá
70%
Africa7.6mLagos
69%
Oceania21.6mBrisbane
67%
Asia63.1mHong Kong
65%
Europe56.8mIstanbul
64%
North America63.5mDallas
63%
Asia70.5mDubai
62%
Asia57.0mJakarta
54%
South America16.5mBrasília
52%
Africa8.0mCasablanca
42%

Score Distribution

Percentile by Number Answered

Percent of People with Each Score

Your Score History

You have not taken this quiz since the last reset